| 000 | 00393 a2200121 4500 | ||
|---|---|---|---|
| 001 | ART_45196 | ||
| 005 | 20260410162040.0 | ||
| 008 | 260409a | ||
| 245 | 1 | 0 | _aEstructura punitiva de la ley Penal Tributaria después de la sanción de la ley 27.430 |
| 100 | 1 | _aFerraro, Ricardo H. | |
| 700 | 1 | _aSantacruz, Lidia M. | |
| 773 | 0 |
_tImpuestos _g- Nº 20 (ene. 2018) _wREV45175 |
|
| 999 |
_c34810 _d34810 |
||